|
|
|
|
| LEADER |
00000nam0a2200000 4500 |
| 001 |
221673 |
| 005 |
20231101230423.0 |
| 010 |
|
|
|a 5020034142
|
| 020 |
|
|
|a RU
|b 90-17612
|
| 035 |
|
|
|a (RuTPU)RU\TPU\book\241849
|
| 090 |
|
|
|a 221673
|
| 100 |
|
|
|a 20120913d1990 m y0rusy5003 ca
|
| 101 |
0 |
|
|a rus
|
| 102 |
|
|
|a RU
|
| 105 |
|
|
|a y z 000zy
|
| 200 |
1 |
|
|a Экзогенные геоморфологические системы морских побережий
|f А. М. Короткий, Г. И. Худяков
|g Академия наук СССР (АН СССР), Дальневосточное отделение (ДВО), Тихоокеанский институт географии ; под ред. Г. П. Скрыльника
|
| 210 |
|
|
|a Москва
|c Наука
|d 1990
|
| 215 |
|
|
|a 216 с.
|c ил.
|
| 320 |
|
|
|a Библиогр.: с. 209-214.
|
| 606 |
1 |
|
|a Берега морей
|x Рельеф
|2 stltpush
|3 (RuTPU)RU\TPU\subj\28231
|9 51790
|
| 610 |
1 |
|
|a геология
|
| 610 |
1 |
|
|a экзогенные образования
|
| 610 |
1 |
|
|a геоморфологические системы
|
| 610 |
1 |
|
|a прибрежные зоны
|
| 610 |
1 |
|
|a геологическое строение
|
| 610 |
1 |
|
|a тектонические процессы
|
| 610 |
1 |
|
|a гидрометеорологический режим
|
| 610 |
1 |
|
|a экзогенная типология
|
| 610 |
1 |
|
|a рельефообразование
|
| 610 |
1 |
|
|a Японское море
|
| 675 |
|
|
|a 551.435.3
|v 3
|
| 700 |
|
1 |
|a Короткий
|b А. М.
|g Алексей Михайлович
|
| 701 |
|
1 |
|a Худяков
|b Г. И.
|g Глеб Иванович
|
| 702 |
|
1 |
|a Скрыльник
|b Г. П.
|4 340
|
| 712 |
0 |
2 |
|a Академия наук СССР (АН СССР)
|b Дальневосточное отделение (ДВО)
|b Тихоокеанский институт географии
|c Владивосток
|2 stltpush
|3 (RuTPU)RU\TPU\col\13731
|
| 801 |
|
0 |
|a RU
|b RuMRKP
|c 19950417
|g psbo
|
| 801 |
|
1 |
|a RU
|b 63413507
|c 20120913
|
| 801 |
|
2 |
|a RU
|b 63413507
|c 20121001
|g RCR
|
| 942 |
|
|
|c BK
|